Figuring : the joy of numbers (Record no. 179700)

MARC details
000 -LEADER
fixed length control field 00405nam a2200157Ia 4500
005 - DATE AND TIME OF LATEST TRANSACTION
control field 20250128163750.0
008 - FIXED-LENGTH DATA ELEMENTS--GENERAL INFORMATION
fixed length control field 231217s9999 xx 000 0 und d
020 ## - INTERNATIONAL STANDARD BOOK NUMBER
International Standard Book Number 9788122200386
082 ## - DEWEY DECIMAL CLASSIFICATION NUMBER
Classification number 793.74 SHA
100 ## - MAIN ENTRY--PERSONAL NAME
Personal name Shakuntala Devi
245 #0 - TITLE STATEMENT
Title Figuring : the joy of numbers
260 ## - PUBLICATION, DISTRIBUTION, ETC. (IMPRINT)
Date of publication, distribution, etc. 2002
Name of publisher, distributor, etc. Orient Paper Backs
Place of publication, distribution, etc. New Delhi
300 ## - PHYSICAL DESCRIPTION
Extent 158
650 ## - SUBJECT ADDED ENTRY--TOPICAL TERM
Topical term or geographic name as entry element Figuring,:,joy,numbers
942 ## - ADDED ENTRY ELEMENTS (KOHA)
Koha item type Books
Holdings
Date last seen Total Checkouts Full call number Accession number Old discount Cost, replacement price Price effective from Category Lost status Damaged status Department Withdrawn status bill no. bill date Permanent Location Current Location Shelving location Entry date Vendor Cost, normal purchase price Grants Currency symbol Conversion rate Discount Discount type
26/01/2024   793.74 SHA 46794 28 57.60 26/01/2024 Books     CS   43935 01/01/2009 Central Library Central Library CS 15/11/2007 Book Paradise 80.00 CS/PG RS 1 22.4 Rupees

© For any Suggestions or Query, please contact the library staff @ librarian@pes.edu or Phone: +9180 2672 1983/ 2108.